01718nam a2200205 a 4500020001600000082002000016100001800036245002300054260004600077300000800123500003500131505101600166650002501182650002201207700001801229942000701247952011701254952012401371999001701495 a019568275-000a324.245 C2bLUD aLudden, David aMaking India Hindu aNew DelhibOxford University Press c2005 a350 aincludes index and biblioraphy aIntroduction: Ayodhyaya: A window on the world: David Luden Part 1: Mobilizing Hindutva 1. The iconography of Rama's chariot: Richard H. Davis 2. Mass Movement or Elite Conspiracy? The puzzle of Hindu Nationalism: Amrita Basu 3. Communal Mobilization and Changing Majority in Uttar Pradesh: Zoya Hasan 4. Mass Media: Images, Mobilization, and Communalism: Victoria L. Farmer Part 2. Genealogies of Hindu and Muslim 5. Music, the Media, and Communal Relations in North India, Past and Present: Peter Manuel 6. Soldier Monks and Militant Sadhus: William R. Pinch 7. Imagining Hindu Rashtra: The Hinduand the Muslim in Bankim Chandra's Writings: Tanika Sarkar 8. The Myth of Unity: Colonial and National Narratives: Mushirul Hasan Part 3. Community and Conflict 9. Contesting in Public: Colonial Legacies and Contemporary Communalism: Sandria B. Freitag 10. Communalism and Modernity: Richard G. Fox 11. Writing Violence: Peter Van Der Veer 12. Indian Nationalism and the Politics of Hindutva: Sumit Sarkar  aFundamentalism-Hindu aCommunalism-India1 aLudden, David cBK 00104070aHMIbHMIcGENd2007-04-10g495.00l3o324.245 LUD C1p017303r2025-03-03s2025-01-17w2026-01-16yBK 00104070aHMIbHMIcGENd2017-10-31eAmazong385.00l2o324.245 LUD C2p25365r2025-01-23s2025-01-16w2026-01-16yBK c11990d11990